000 01021nam a22002537a 4500
999 _c63866
_d63866
005 20240530110703.0
008 171225s2016 ua a f b 000 0dara d
017 _a2015/26154
_bمصر. دار الكتب
020 _a9789779105963
040 _aEG-CaGPL
_cEG-CaGPL
082 0 4 _221
_a808.8
_bق/خ ث
100 0 _aخالد عاشور
245 1 2 _aالثائر الاول :
_bاخناتون بين الادب والتاريخ /
_cخالد عاشور ؛ تقديم عبدالحليم نورالدين .
250 _aط.1
260 _aالقاهرة :
_bالهيئة المصرية العامة للكتاب ،
_c2016 .
300 _a408 ص. ؛
_c24 سم.
504 _aببليوجرافية : ص 397 - 406
600 0 _aاخناتون
650 0 7 _2qrmak
_aمصر القديمة فى الادب
651 0 7 _2qrmak
_aمصر القديمة
_xالملوك والحكام
700 0 _aعبدالحليم نورالدين
_eمقدم
942 _2ddc
_cBK